000 00337nam a2200133Ia 4500
008 100328s9999 xx 000 0 und d
082 _b67333
100 _aमेंगजी अशोक.
245 _aतडफड.
260 _bचंद्रमौळी.
630 _aतडफड.
730 _aतडफड.
942 _cBOOK
999 _c553072
_d553069